00309nam a2200109Ia 450000500170000000800410001710000340005824500600009226000230015230000110017565000130018620260328104317.0260328s9999||||xx |||||||||||||| ||und|| aKliczkowski, Guillermo Raúl 0aVivienda Unifaniliares /cGuillermo Raúl Kliczkowski bLibreria Técnica a180 p. aVIVIENDA